| 000 | 00580cam a2200205ua 4500 | ||
|---|---|---|---|
| 001 | 5523 | ||
| 008 | 131002n ii |||gr||||Z||||||eng | ||
| 020 | _a978-0-07-070208-0 | ||
| 040 | _cMAIN | ||
| 082 | _a005.82 | ||
| 245 |
_aCrytography and Network Security _cby Behrouz A .Forouzan |
||
| 250 | _a2nd. | ||
| 260 |
_aNew Delhi: _bTata McGraw Hill Education Pvt Ltd, _c2010. |
||
| 300 | _axxi. | ||
| 653 | _aComputer science | ||
| 653 | _aCrptography and Network Security | ||
| 700 |
_aForouzan,Behrouz A., _eauthor. |
||
| 700 |
_aMukhopadhyay,Debdeep., _eauthor. |
||
| 942 | _cBK | ||
| 999 |
_c4694 _d4694 |
||